| 000 | 01390nac a22002891u 4500 | ||
|---|---|---|---|
| 090 | _c5853 | ||
| 008 | 090203t2007 xxu||||| |||| 00| 0 eng d | ||
| 010 | _a2006299465 | ||
| 020 | _a0321392353 | ||
| 024 | 3 | _a9780321392350 | |
| 035 | _a(OCoLC)ocm73489071 | ||
| 082 | 0 | 0 |
_a005.15 _bBRO |
| 100 | _aBrown, Daniel M. | ||
| 245 | 1 | 0 |
_aCommunicating Design : _bDeveloping Web Site Documentation for Design and Planning / _cDaniel M. Brown. |
| 260 |
_aBerkeley, CA : _bPeachpit Press : _bNew Riders, _cc2007. |
||
| 300 |
_axiv, 352 p. : _bill. ; _c24 cm. |
||
| 500 | _a"Learn how to prepare and present wireframes, site maps, flow charts, and more"--Cover. | ||
| 500 | _aIncludes index. | ||
| 650 | 0 | _aElectronic data processing documentation. | |
| 650 | 0 | _aWeb site development. | |
| 710 | 2 | _aSafari Books Online (Firm) | |
| 856 | 4 | 1 |
_3Table of contents only _uhttp://www.loc.gov/catdir/toc/fy0703/2006299465.html |
| 856 | 4 | 1 | _uhttp://proquest.safaribooksonline.com/0321392353 |
| 942 |
_cBB _k005.15BRO _2ddc |
||
| 999 |
_c5853 _d5853 |
||